000 00838nam0a22002531 4500
001 v19\rc\1702325
005 20260406224857.0
035 _a(NLR Aleph) 004803914
090 _a4857645
_c4857645
100 _a20061002d1914 |||y0rusy50 ca
101 0 _arus
102 _aRU
105 _ay z |||||
200 1 _aУстав Общества Новозыбковского подъездного пути
_e[Утв. 16 июня 1898 г.]
210 _aСанкт-Петербург
_d1914
215 _a[2], 43 с.
_d25
710 0 2 _aОбщество Новозыбковского подъездного пути
_9457585
_3RU\NLR\AUTH\889980663
801 0 _aRU
_bNLR
_gpsbo
801 0 _aRU
_bRuMoRGB
_2psbo
801 1 _aRU
_bProSoft-M
_2rusmarc
852 _aNLR
_j37.56.3.88
899 _aRuMoRGB
_jA 197/308
942 _cBOOK
980 _aNB